Digital integrated circuits (Record no. 31833)
[ view plain ]
| 000 -LEADER | |
|---|---|
| fixed length control field | 00313nam a2200133Ia 4500 |
| 082 ## - DEWEY DECIMAL CLASSIFICATION NUMBER | |
| Classification number | 621.3815 |
| Item number | RAB |
| 100 ## - MAIN ENTRY--PERSONAL NAME | |
| Personal name | Rabaey/ Chandrakasan |
| 245 ## - TITLE STATEMENT | |
| Title | Digital integrated circuits |
| 260 ## - PUBLICATION, DISTRIBUTION, ETC. | |
| Name of publisher, distributor, etc. | Prentice Hall of India |
| Place of publication, distribution, etc. | New Delhi |
| Date of publication, distribution, etc. | 2003 |
| 300 ## - PHYSICAL DESCRIPTION | |
| Extent | 761 |
| 546 ## - LANGUAGE NOTE | |
| Language note | ENGLISH |
| 654 ## - SUBJECT ADDED ENTRY--FACETED TOPICAL TERMS | |
| Focus term | integrated |
| 942 ## - ADDED ENTRY ELEMENTS (KOHA) | |
| Koha item type | BOOK |
| Withdrawn status | Lost status | Damaged status | Not for loan | Collection | Home library | Current library | Date acquired | Total Checkouts | Full call number | Barcode | Date last seen | Price effective from | Koha item type |
|---|---|---|---|---|---|---|---|---|---|---|---|---|---|
| CRC | Fr. Agnel's C.Rodrigues College of Engineering | Fr. Agnel's C.Rodrigues College of Engineering | 17/03/2023 | 621.3815 RAB | 14515 | 17/03/2023 | 17/03/2023 | BOOK | |||||
| CRC | Fr. Agnel's C.Rodrigues College of Engineering | Fr. Agnel's C.Rodrigues College of Engineering | 17/03/2023 | 621.3815 RAB | 14516 | 17/03/2023 | 17/03/2023 | BOOK | |||||
| CRC | Fr. Agnel's C.Rodrigues College of Engineering | Fr. Agnel's C.Rodrigues College of Engineering | 17/03/2023 | 621.3815 RAB | 14517 | 17/03/2023 | 17/03/2023 | BOOK |